| 000 | 00691nam a2200205 a 4500 | ||
|---|---|---|---|
| 001 | 000012896 | ||
| 005 | 20200929163109.0 | ||
| 008 | 091118s1968 dr 001 0 spa d | ||
| 040 |
_aDO-SdBNP _bspa _cBNPHU |
||
| 082 |
_a320.946 _bF363h |
||
| 100 | 1 |
_aFernández Almagro, Mechor _929777 |
|
| 245 | 1 | 0 |
_aHistoria política de la España contemporanea 1885-1897 / _cMechor Fernández Almagro. |
| 260 |
_aMadrid : _bAlianza, _c1968. |
||
| 300 |
_a455 p. ; _c19 cm. |
||
| 490 | 1 |
_aEl libro del bolsillo _vno. 2 |
|
| 651 | 4 |
_aEspaña _xPolítica Y Gobierno _y1868-1897. _929778 |
|
| 651 | 4 |
_aEspaña _xHistoria _y1868-1897. _929779 |
|
| 830 | 0 |
_aEl libro del bolsillo _vno. 2 _929780 |
|
| 049 | _aBNPD | ||
| 999 |
_c12544 _d12544 |
||